000
00308cam a22001097a 4500
008
180718b1957 xxu||||| |||| 00| 0 eng d
082
_a
B7303x5461 In2ba
100
_a
Delhi Municipal Corporation
245
_a
The Delhi Municipal Corporation bill, 1957
260
_a
Delhi
_b
The author
_c
1957
300
_a
266+p.
999
_c
392454
_d
392454